000 00478nam a2200181Ia 4500
001 3999
005 20260306145724.0
008 260306t2004||||xx |||||||||||||| ||spa||
041 _aESP
082 _a306.3
_bP93
100 _aPuiggrós, Adriana
_eAUT
245 0 _aLa fábrica del conocimiento:
_blos saberes socialmente productivos en América Latina
260 _c2004
300 _a238 páginas :
_c22 cm.
650 _aGEN
654 _aCHU
942 _cLIB
_dJUS
_fJUS
_2ddc
_n
999 _c3999
_d3999